| 000 | 00414nam a2200169Ia 4500 | ||
|---|---|---|---|
| 003 | GCL | ||
| 008 | 140319s9999 xx 000 0 eng d | ||
| 040 |
_aGCL / _cGCL |
||
| 082 | 0 | 4 |
_a782.781 _bR S |
| 100 | 1 | _aRILEY, NORMAN | |
| 245 | 1 | 0 |
_aSOME BRITISH MOTHS / _cRILEY, NORMAN |
| 260 |
_a[S.N] : _bTHE KING PENGUIN BOOKS ، _c1944 |
||
| 300 | _a32 P | ||
| 650 | 0 | 4 | _aINSECTS |
| 650 | 0 | 4 | _aMOTHS |
| 942 |
_2ddc _cBK |
||
| 999 |
_c12037 _d12037 |
||